000 00615nam a22002052 4500
001 0000003677
005 20151217151928.0
008 070514s xx 000 0 eng d
020 _a052155487X :
_cKES 3,825
040 _aKABU
_cKABU
050 0 _aQB466
_b.F58C46
100 1 _aChoudhuri, Aruab Rai.
_@0000153759
245 1 4 _aThe Physics of fluids and plasma :
_ban introduction for astrophysicists.
260 _aCambridge :
_bCUP,
_c1998.
300 _axviii, 427 p.
650 0 _aPlasma astrophysics.
_@0000153760
908 _a070514
950 _@1
999 _c6449
_d6449